It looks like you're offline.
Open Library logo
additional options menu

MARC record from Internet Archive

LEADER: 01171cam a2200265 i 4500
001 2014015208
003 DLC
005 20150413184451.0
008 140418s2014 nyua 000 0 eng
010 $a 2014015208
020 $a9781620871867 (alk. paper)
040 $aDLC$beng$cDLC$erda$dDLC
042 $apcc
050 00 $aVG87$b.M25 2014
082 00 $a359.9/84$223
100 1 $aMann, Don,$d1957-
245 10 $aHow to become a Navy SEAL :$beverything you need to know to become a member of the U.S. Navy's elite force /$cDon Mann.
264 1 $aNew York, NY :$bSkyhorse Publishing,$c[2014]
300 $axv, 176 pages :$billustrations (chiefly color) ;$c21 cm
336 $atext$btxt$2rdacontent
337 $aunmediated$bn$2rdamedia
338 $avolume$bnc$2rdacarrier
505 0 $aIntroduction: The beginning -- Who are these Americans? -- Know what you're getting into -- How to become a SEAL candidate -- Training, education, and placement -- The journey begins -- Afterword -- Appendix 1: ASVAB sample questions -- Appendix 2: Nutrition and training guides.
610 10 $aUnited States.$bNavy.$bSEALs.
610 10 $aUnited States.$bNavy.$bSEALs$xVocational guidance.